| 000 | 00000nas##2200000za#4500 |
| 001 | 9.515675 |
| 003 | CaOODSP |
| 005 | 20210312105140 |
| 007 | tb |
| 008 | 150406c1990||||xxc|| p d||||f| |0eng|d |
| 022 | |a1196-5207 |
| 040 | |aCaOODSP|beng |
| 043 | |an-cn--- |
| 086 | 1 |aHR1E-LP |
| 110 | 2 |aCanadian Human Rights Commission. |
| 245 | 10|aCanadian Human Rights Commission - annual report |
| 260 | |aOttawa - Ontario : |bCanadian Human Rights Commission |
| 310 | |aAnnual |
| 362 | 1 |a1990?-- |
| 520 | 3 |aReport to Parliament on the activities of the Canadian Human Rights Commission. |
| 690 | 07|aHuman rights|2gcpds |
| 775 | 08|tCommission canadienne des droits de la personne - rapport annuel |w(CaOODSP)9.513998 |
| 776 | 0#|tAnnual report |w(CaOODSP)9.505949 |
| 776 | 0#|tCommission canadienne des droits de la personne - rapport annuel |w(CaOODSP)9.511931 |
| 776 | 0#|tCanadian Human Rights Commission - annual report |w(CaOODSP)9.511930 |